00676 2200169 4500245004600000020002200046250001100068100002000079650002000099005001900119260004200138041001400180084000800194300002300202500027200225336000900497 aMemeluk KehilangancFaisal SyahrezahText a978-602-6799-16-6 aCet. 1 aFaisal Syahreza aNovel Indonesia a20231004142225 aTangerangbKaurama Buana Antarac2016 aIndonesia a813 a255 hlm. :c20 cm. aKemudian kita berpisah lama. Lima tahun tanpamu membuatku menyadari betapa aku sangat mencitaimu. Aku jatuh cinta pada patah hati ini. Lalu, apakah lima tahun yang berlalu ini cukup bagi kita untuk saling memaafkan? Ataukah aku akan patah hati untuk keduanya kalinya. atext